MARC

LEADER 00000nam0a2200000 4500
001 324388
005 20231102003649.0
035 |a (RuTPU)RU\TPU\book\349986 
090 |a 324388 
100 |a 20161115d1947 km y0rusy50 ca 
101 0 |a rus  |a eng 
102 |a UZ 
105 |a a z 001zy 
200 1 |a Геология шеелитоносных скарнов Средней Азии  |f Х. М. Абдуллаев  |g Академия наук Узбекской ССР АН (УзССР), Геологический институт 
210 |a Ташкент  |c Изд-во Академии наук Узбекской ССР  |d 1947 
215 |a 399 с.  |c ил. 
320 |a Библиогр.: с. 369-376 
606 1 |a Скарны  |2 stltpush  |3 (RuTPU)RU\TPU\subj\55017  |9 73089 
610 1 |a шеелитовые руды 
610 1 |a Средняя Азия 
610 1 |a геология 
610 1 |a изучение 
610 1 |a освоение 
610 1 |a описание 
610 1 |a сравнительные характеристики 
610 1 |a скарнообразование 
610 1 |a скарновые поля 
610 1 |a геолого-минералогическая характеристика 
610 1 |a гипогенные минералы 
610 1 |a структура 
610 1 |a текстура 
610 1 |a рудные тела 
610 1 |a морфология 
675 |a 553.3/.4.064/.065  |v 4 
700 1 |a Абдуллаев  |b Х. М. 
712 0 2 |a Академия наук Узбекской ССР АН (УзССР)  |b Геологический институт  |2 stltpush  |3 (RuTPU)RU\TPU\col\27201 
801 1 |a RU  |b 63413507  |c 20161115 
801 2 |a RU  |b 63413507  |c 20200210  |g RCR 
942 |c BK